Logo biblioteca
Santa Fe 2917, Rosario, Santa Fe
Lu-Vi 8 a 19.45
+54-341-4232362
bibliotecaeudoro@gmail.com
Facebook Biblioteca Pedagógica
Sitio web
Vista normal Vista MARC
  • Reboursin, Javier

Entrada Nombre personal

Número de registros utilizados en: 3

001 - NÚMERO DE CONTROL

  • campo de control: 30661

003 - IDENTIFICADOR DEL NÚMERO DE CONTROL

  • campo de control: DLC

005 - FECHA Y HORA DE LA ÚLTIMA TRANSACCIÓN

  • campo de control: 20260327114817.0

008 - DATOS DE LONGITUD FIJA

  • campo de control de longitud fija: 150813n| azannaabn |n aaa c

010 ## - NÚMERO DE CONTROL DE LA BIBLIOTECA DEL CONGRESO

  • Número de control de LC: no2015107236

035 ## - NÚMERO DE CONTROL DEL SISTEMA

  • Número de control de sistema: (OCoLC)oca10243383

040 ## - FUENTE DE LA CATALOGACIÓN

  • Centro catalogador/agencia de origen: PPiU
  • Lengua de catalogación: eng
  • Normas de descripción: rda
  • Centro/agencia transcriptor: PPiU

100 1# - ENCABEZAMIENTO-NOMBRE DE PERSONA

  • Nombre de persona: Reboursin, Javier
  • Fechas asociadas al nombre: 1984-

377 ## - LENGUA/LENGUAJE ASOCIADO

  • Código del idioma: spa

670 ## - FUENTE DE DATOS ENCONTRADOS

  • Cita de la fuente: Esto no es una nariz, 2014:
  • Información encontrada: title page verso (Javier Reboursin)